عرض عادي
عرض مارك
- الجامعات العامة
دخول Topical Term
001 - CONTROL NUMBER
- control field: 29255
003 - CONTROL NUMBER IDENTIFIER
- control field: AE-AdECS
005 - DATE AND TIME OF LATEST TRANSACTION
- control field: 20260424095302.0
008 - FIXED-LENGTH DATA ELEMENTS
- fixed length control field: 260424|| aca||aabn | a|a d
040 ## - CATALOGING SOURCE
- Original cataloging agency: AE-AdECS
- Transcribing agency: AE-AdECS
150 ## - HEADING--TOPICAL TERM
- Topical term or geographic name entry element: الجامعات العامة
- General subdivision: الاعتماد الأكاديمي
670 ## - SOURCE DATA FOUND
- Source citation: Work cat.: (AE-AdECS)294909: العزام، ميسم فوزي مطير مؤلفة. 29252, جودة البرامج التربوية للدراسات العليا في الجامعات الأردنية الحكومية في ضوء معايير هيئة الاعتماد /
